The Old Man and the Medal. (Record no. 3619)

MARC details
000 -LEADER
fixed length control field 00369nam a22001217a 4500
005 - DATE AND TIME OF LATEST TRANSACTION
control field 20201209103414.0
008 - FIXED-LENGTH DATA ELEMENTS--GENERAL INFORMATION
fixed length control field 201209b ||||| |||| 00| 0 eng d
020 ## - INTERNATIONAL STANDARD BOOK NUMBER
International Standard Book Number 0435900390
040 ## - CATALOGING SOURCE
Transcribing agency CML
245 ## - TITLE STATEMENT
Title The Old Man and the Medal.
Statement of responsibility, etc. Oyono F.
260 ## - PUBLICATION, DISTRIBUTION, ETC.
Place of publication, distribution, etc. Oxford
Name of publisher, distributor, etc. Heinemann Educational Publishers
Date of publication, distribution, etc. 1956
942 ## - ADDED ENTRY ELEMENTS (KOHA)
Source of classification or shelving scheme Dewey Decimal Classification
Koha item type Audio Files
Edition 1st Edition
Classification part 808
Call number suffix FER
Holdings
Withdrawn status Lost status Source of classification or shelving scheme Damaged status Not for loan Collection code Home library Current library Shelving location Date acquired Total Checkouts Full call number Barcode Date last seen Copy number Price effective from Koha item type
    Dewey Decimal Classification     Literature & Rhetoric Chalimbana Main Library Chalimbana Main Library Literature & Rhetoric 12/09/2020   808.8 FER 9780435900397 12/09/2020 1 12/09/2020 Audio Files

Powered by Koha